L'initiation mathematique a l'école primaire / (Record no. 46102)

MARC details
000 -LEADER
campo de control de longitud fija 01201nam a2200265 i 4500
001 - NÚMERO DE CONTROL
campo de control 46102
003 - IDENTIFICADOR DE NÚMERO DE CONTROL
campo de control ES-MaACL
005 - FECHA Y HORA DE LA ÚLTIMA TRANSACCIÓN
campo de control 20250903012937.0
007 - CAMPO FIJO DE DESCRIPCIÓN FÍSICA--INFORMACIÓN GENERAL
campo de control de longitud fija t|
008 - DATOS DE LONGITUD FIJA--INFORMACIÓN GENERAL
campo de control de longitud fija 030327s1950 sz ||||1| fre d
111 2# - ENTRADA PRINCIPAL--NOMBRE DE CONGRESO/REUNIÓN
Nombre de congreso/reunión o jurisdicción como elemento de entrada Conférence Internationale de l'Instruction Publique (
Número del congreso/reunión o número de parte o sección 13ª.
Fecha del congreso o de la firma del tratado 1950.
Sede del congreso/Lugar de la reunión Ginebra)
9 (RLIN) 147
245 12 - MENCIÓN DEL TÍTULO
Título L'initiation mathematique a l'école primaire /
Mención de responsabilidad, etc. convoquée par l'Unesco et le B.I.E.
260 ## - PUBLICACIÓN, DISTRIBUCIÓN, ETC.
Lugar de publicación, distribución, etc. Paris, etc. :
Nombre del editor, distribuidor, etc. UNESCO,
Fecha de publicación, distribución, etc. [1950]
300 ## - DESCRIPCIÓN FÍSICA
Extensión 272 p. ;
Dimensiones 24 cm.
490 1# - MENCIÓN DE SERIE
Mención de serie Publications du Bureau International d'Education ;
Designación de volumen o secuencia 120
500 ## - NOTA GENERAL
Nota general Fecha tomada del lomo.
650 04 - PUNTO DE ACCESO ADICIONAL DE MATERIA--TÉRMINO DE MATERIA
Término de materia o nombre geográfico como elemento de entrada Matemáticas-
Subdivisión general Estudio y enseñanza
9 (RLIN) 14818
710 20 - ENTRADA AGREGADA--NOMBRE DE ENTIDAD CORPORATIVA
Nombre de entidad corporativa o nombre de jurisdicción como elemento de entrada Oficina Internacional de Educación
9 (RLIN) 6022
830 0# - PUNTO DE ACCESO ADICIONAL DE SERIE-TÍTULO UNIFORME
Título uniforme Publications du Bureau International d'Education ;
Designación de volumen o secuencia 120
9 (RLIN) 181740
852 ## - LOCALIZACIÓN
Ubicación ES-MaACL
Número de control de estantería D-6364
Sublocalización o colección R.30304
-- R.M. 5959
itemnumber 47825
Ubicación en estantería Sala Valle Inclán
Marcas de propiedad Sello en tinta azul de la Biblioteca del Ateneo de Madrid
Anotaciones manuscritas Anotación manuscrita en cubierta: "11"
Nota libre En cubierta: "22. DIC. 1950"
942 ## - ELEMENTOS DE ENTRADA SECUNDARIOS (KOHA)
Fuente del sistema de clasificación o colocación Clasificación decimal universal
Tipo de ítem Koha Libro impreso
Holdings
Estatus retirado Estado de pérdida Estado de daño No para préstamo Biblioteca de origen Biblioteca actual Ubicación en estantería Fecha de adquisición Fuente de adquisición Total de préstamos Signatura topográfica completa Código de barras Visto por última vez Precio de reemplazo Tipo de ítem Koha
        Biblioteca del Ateneo de Madrid Biblioteca del Ateneo de Madrid Sala Valle Inclán 17/01/2008     D-6364 901048498 23/02/2023 23/02/2023 Libro impreso